Teaching as performing : (Record no. 185983)

000 -LEADER
fixed length control field 01100 a2200241 4500
003 - CONTROL NUMBER IDENTIFIER
control field Nust
005 - DATE AND TIME OF LATEST TRANSACTION
control field 20230123102309.0
010 ## - LIBRARY OF CONGRESS CONTROL NUMBER
LC control number 81015682
020 ## - INTERNATIONAL STANDARD BOOK NUMBER
International Standard Book Number 0138913749 (pbk.) :
020 ## - INTERNATIONAL STANDARD BOOK NUMBER
International Standard Book Number 013891382X (hard)
040 ## - CATALOGING SOURCE
Transcribing agency Nust
082 00 - DEWEY DECIMAL CLASSIFICATION NUMBER
Classification number 371.122,TIM
100 1# - MAIN ENTRY--PERSONAL NAME
Personal name Timpson, William M.
9 (RLIN) 107363
245 10 - TITLE STATEMENT
Title Teaching as performing :
Remainder of title a guide to energizing your public presentation /
Statement of responsibility, etc. William M. Timpson, David N. Tobin.
260 ## - PUBLICATION, DISTRIBUTION, ETC.
Place of publication, distribution, etc. Englewood Cliffs, NJ :
Name of publisher, distributor, etc. Prentice-Hall,
Date of publication, distribution, etc. c1982.
300 ## - PHYSICAL DESCRIPTION
Extent x, 205 p. :
Other physical details ill. ;
Dimensions 21 cm.
505 ## - FORMATTED CONTENTS NOTE
Formatted contents note Introduction (Page-1), Points of View (Page-12), The Body (Page-31), Hands and Faces (Page-41), Pantomime (Page-46), Voice (Page-53), Energy and Control (Page-61), Improvisation (Page-70), Scenes for Practice (Page-78), How to Keep It Going (Page-99), Teachers in literature (Page-128), Conclusion (Page-182), Related Programs (Page-189).
650 #0 - SUBJECT ADDED ENTRY--TOPICAL TERM
Topical term or geographic name entry element Oral communication.
9 (RLIN) 35732
650 #0 - SUBJECT ADDED ENTRY--TOPICAL TERM
Topical term or geographic name entry element Teachers
General subdivision Training of
Geographic subdivision United States.
9 (RLIN) 107364
650 #0 - SUBJECT ADDED ENTRY--TOPICAL TERM
Topical term or geographic name entry element Teaching.
9 (RLIN) 49671
700 1# - ADDED ENTRY--PERSONAL NAME
Personal name Tobin, David N.
9 (RLIN) 107365
942 ## - ADDED ENTRY ELEMENTS (KOHA)
Source of classification or shelving scheme
Koha item type Book
Call number prefix 371.122,TIM
Holdings
Withdrawn status Lost status Source of classification or shelving scheme Damaged status Not for loan Permanent Location Current Location Shelving location Date acquired Full call number Barcode Date last seen Price effective from Koha item type Public note
          Military College of Signals (MCS) Military College of Signals (MCS) General Stacks 12/12/2016 371.122,TIM MCS20715 12/08/2016 12/12/2016 Book Almirah No.54, Shelf No.2
          Military College of Signals (MCS) Military College of Signals (MCS) General Stacks 12/12/2016 371.122,TIM MCS21161 12/08/2016 12/12/2016 Book Almirah No.74, Shelf No.3
© 2023 Central Library, National University of Sciences and Technology. All Rights Reserved.